000 00642nam a2200253Ia 4500
003 OSt
005 20220918201354.0
006 a|||||r|||| 00| 0
007 ta
008 220917b |||||||| |||| 00| 0 eng d
024 _a93,460
037 _cTextual
040 _aARTS
_cARTS
_beng
041 _2eng
_aeng
082 _aV2y7M69, L3
100 _aMukherjee Hiren
_998411
245 0 _aGandhiji
_b a study
250 _a3rd
260 _aNew Delhi
_bPeople's Pub House
_c1973
300 _axviii,225p.
_ccm.
650 _aHISTORY
942 _hV2y7M69, L3
_cTEXL
_2CC
999 _c217106
_d217106